Česká nářečí Jihozápadní 1
| Médium: | Kniha |
|---|---|
| Jazyk: | neznámy jazyk |
| Fyzický popis: | 145 s. |
| Vydavateľské údaje: |
Praha
ČAV
1955
|
MARC
| LEADER | 00000nam a2200000 a 4500 | ||
|---|---|---|---|
| 001 | vtls001331722 | ||
| 003 | SK-MaSNL | ||
| 005 | 20260224110515.0 | ||
| 008 | 980519s1955 xx 0 und | ||
| 035 | |a SNK000284608 | ||
| 040 | |a SNK |b slo |c SNK |e AACR2 | ||
| 245 | 1 | |a Česká nářečí Jihozápadní 1 | |
| 260 | |a Praha |b ČAV |c 1955 | ||
| 300 | |a 145 s. | ||
| 999 | |c 976291 |d 978221 | ||
| 952 | |t P60, <04>, [BOOK], {604} |a SNK |b SNK |y VYP |7 0 |p 17A0142888 |o snkIC 12729/1 |0 0 |1 0 |4 0 |d 1998-05-19 |l 0 |r 2005-01-02 00:00:00 |w 2026-02-24 | ||


